000 00952cam a22002651 4500
001 ne 66001247
003 DLC
005 20260227111824.0
008 900413r19651898le d 000 0 ara
010 _ane 66001247
025 _aPL480:UAR-7182
035 _a(OCoLC)21370478
040 _aDLC
_cWaU
_dWaU
_dDLC
042 _apremarc
050 0 0 _aPJ6620
_b.I22
100 2 _aIbn Sīdah, ʻAlī ibn Ismāʻīl,
_d1007-1066.
245 1 0 _aKitāb al-mukhaṣṣaṣ,
_ctaʼlīf Abī al-Ḥasan ʻAlī ibn Ismāʻīl al-Naḥwī al-Lughawī al-Andalusī al-maʻrūf bi-Ibn Sīdah.
260 _aBayrūt,
_bal-Maktab al-Tijārī li-Ṭibāʻah wa-al-Tawzīʻ wa-al-Nashr
_c[1965]
300 _a17 v. in 5.
_c28 cm.
500 _aAdded t. p.: al-Muḫaṣṣaṣ [by] Ibn Sīdah.
500 _aReprint of the 1316-21 ed.
650 0 _aArabic language
_vDictionaries.
700 1 _aHārūn, ʻAbd al-Salām Muḥammad.
740 0 _aMukhaṣṣaṣ.
999 _c48993
_d48993